[Event "Barcelona Sant Marti op-A 22nd"]
[Site "Barcelona"]
[Date "2022.07.19"]
[Round "7"]
[White "Pena Gomez, Manuel"]
[Black "Deodhar, Vrushali Umesh"]
[Result "1-0"]
[WhiteElo "2492"]
[BlackElo "1984"]
[PlyCount "61"]
[EventDate "2022.07.13"]
[EventType "swiss"]
[EventRounds "9"]
[EventCountry "ESP"]
[SourceTitle "CBM 209 Extra"]
[Source "ChessBase"]
[SourceDate "2022.09.30"]
[SourceVersion "1"]
[SourceVersionDate "2022.09.30"]
[SourceQuality "1"]

1. g3 d5 2. Bg2 e5 3. c4 Nf6 4. cxd5 Nxd5 5. Nf3 Nc6 6. 0-0 Be7 7. Nc3 Nb6 8. d3 0-0 9. Bd2 f5 10. b4 Bf6 11. b5 Nd4 12. Ne1 a6 13. bxa6 Rxa6 14. a4 c6 15. a5 Nd5 16. Na4 Qe7 17. e3 Nb5 18. Bxd5+ cxd5 19. Qb3 Nd6 20. Nc5 Ra7 21. Qxd5+ Kh8 22. Bb4 Rd8 23. Rc1 Qe8 24. Qb3 f4 25. exf4 exf4 26. Ng2 fxg3 27. hxg3 Nf5 28. Rfe1 Qh5 29. Nf4 Qh6 30. Nce6 Rg8 31. Ng5 1-0

[Event "Barcelona Sant Marti op-A 22nd"]
[Site "Barcelona"]
[Date "2022.07.16"]
[Round "4"]
[White "Narciso Dublan, Marc"]
[Black "Pena Gomez, Manuel"]
[Result "0-1"]
[WhiteElo "2461"]
[BlackElo "2492"]
[PlyCount "112"]
[EventDate "2022.07.13"]
[EventType "swiss"]
[EventRounds "9"]
[EventCountry "ESP"]
[SourceTitle "CBM 209 Extra"]
[Source "ChessBase"]
[SourceDate "2022.09.30"]
[SourceVersion "1"]
[SourceVersionDate "2022.09.30"]
[SourceQuality "1"]

1. e4 c5 2. Nc3 Nc6 3. Bb5 Nd4 4. Nf3 e6 5. 0-0 a6 6. Bd3 Nc6 7. Nd5 d6 8. Ne3 Nf6 9. c3 d5 10. exd5 Nxd5 11. Nxd5 Qxd5 12. Qe2 Bd7 13. a3 Bd6 14. b4 0-0 15. Bb2 Qh5 16. Rfe1 Rae8 17. bxc5 Bxc5 18. c4 e5 19. Be4 Qh6 20. Qd3 Rd8 21. Bd5 Be6 22. Nxe5 Ne7 23. Qg3 Nxd5 24. cxd5 Rxd5 25. Nf3 Rd3 26. Re4 Qg6 27. Qxg6 hxg6 28. Bc3 Bd5 29. Rf4 Bxf3 30. Rxf3 Rxf3 31. gxf3 b5 32. Bb4 Rc8 33. Kf1 Bd4 34. Re1 g5 35. Re4 Bb2 36. Ke2 Kh7 37. f4 gxf4 38. Rxf4 Kg6 39. d4 f5 40. Bc5 Rh8 41. d5 Rd8 42. d6 Be5 43. Rb4 Bxd6 44. Bxd6 Rxd6 45. Ke3 Re6+ 46. Kd3 Kg5 47. h4+ Kh5 48. f3 Rf6 49. Rf4 g6 50. Kc3 Rc6+ 51. Kb4 Rc4+ 52. Rxc4 bxc4 53. Kxc4 Kxh4 54. Kb4 g5 55. Ka5 g4 56. fxg4 fxg4 0-1

[Event "Barbera del Valles op 44th"]
[Site "Barbera del Valles"]
[Date "2022.07.05"]
[Round "2"]
[White "Pena Gomez, Manuel"]
[Black "Shah, Vishwa Megh"]
[Result "1/2-1/2"]
[WhiteElo "2492"]
[BlackElo "1931"]
[PlyCount "117"]
[EventDate "2022.07.04"]
[EventType "swiss"]
[EventRounds "9"]
[EventCountry "ESP"]
[SourceTitle "EXT 2023"]
[Source "ChessBase"]
[SourceDate "2022.10.05"]
[SourceVersion "1"]
[SourceVersionDate "2022.10.05"]
[SourceQuality "1"]

1. g3 c5 2. c4 Nc6 3. Bg2 g6 4. Nf3 Bg7 5. Nc3 e5 6. a3 Nge7 7. 0-0 a5 8. Ne1 d6 9. Nc2 0-0 10. d3 Be6 11. Bg5 f6 12. Be3 Rb8 13. Rb1 Qd7 14. b4 axb4 15. axb4 b6 16. Nd5 Nd4 17. Bxd4 Bxd5 18. Bxd5+ Nxd5 19. Bxe5 dxe5 20. cxd5 Qxd5 21. Ne3 Qe6 22. Qb3 Qxb3 23. Rxb3 Rfd8 24. Ra1 cxb4 25. Rxb4 Bf8 26. Rb5 Bc5 27. Ra7 Bxe3 28. fxe3 h5 29. Kf2 Kf8 30. Kf3 Rd6 31. h3 Re8 32. Rb7 Ree6 33. g4 hxg4+ 34. Kxg4 f5+ 35. Kg5 f4 36. e4 Ke8 37. Rb3 Kd8 38. h4 Kc8 39. Rg7 Rc6 40. Ra3 Kb8 41. Rga7 Kc8 42. Ra8+ Kd7 43. Rg8 b5 44. Ra5 Rb6 45. Ra1 b4 46. Rb1 b3 47. Ra8 Rec6 48. Ra7+ Kd8 49. d4 exd4 50. Kxf4 b2 51. Ra2 Rc2 52. Ke5 Rxe2 53. Kxd4 Rb4+ 54. Kc5 Rbxe4 55. Rbxb2 Rxb2 56. Rxb2 Rxh4 57. Kd6 Rd4+ 58. Ke5 Rd1 59. Rg2 1/2-1/2

[Event "Badalona op 45th"]
[Site "Badalona"]
[Date "2019.08.02"]
[Round "1"]
[White "Roumegous, Marina"]
[Black "Pena Gomez, Manuel"]
[Result "0-1"]
[WhiteElo "2093"]
[BlackElo "2500"]
[PlyCount "67"]
[EventDate "2019.08.02"]
[EventType "swiss"]
[EventRounds "9"]
[EventCountry "ESP"]
[SourceTitle "EXT 2021"]
[Source "ChessBase"]
[SourceDate "2020.10.23"]
[SourceVersion "1"]
[SourceVersionDate "2020.10.23"]
[SourceQuality "1"]

1. d4 Nf6 2. Nf3 g6 3. c3 Bg7 4. Bf4 0-0 5. Nbd2 d6 6. e4 Nc6 7. d5 e5 8. Be3 Ne7 9. h3 Ne8 10. g3 f5 11. Bg2 Nf6 12. c4 h6 13. Nh2 Nh5 14. Ndf1 f4 15. Bd2 fxg3 16. fxg3 c6 17. Be3 cxd5 18. cxd5 Bd7 19. Qd2 g5 20. Qb4 Be8 21. Bf3 Bg6 22. Rc1 a5 23. Qa4 Rc8 24. Rc4 b5 25. Qxb5 Rb8 26. Qa4 Rxb2 27. Bc1 Rb1 28. Qd1 Qb6 29. Qe2 Be8 30. Bxh5 Bb5 31. Qd2 Bxc4 32. Ne3 Qd4 33. Bf3 Bd3 34. Nc2 0-1

[Event "Titled Tuesday intern op 1st Jan"]
[Site "Chess.com INT"]
[Date "2019.01.01"]
[Round "10"]
[White "Karas, Marek"]
[Black "Pena Gomez, Manuel"]
[Result "1-0"]
[WhiteElo "2251"]
[BlackElo "2494"]
[PlyCount "43"]
[EventDate "2019.01.01"]
[EventType "swiss (blitz)"]
[EventRounds "10"]
[EventCountry "USA"]
[SourceTitle "EXT 2021"]
[Source "ChessBase"]
[SourceDate "2020.10.23"]
[SourceVersion "1"]
[SourceVersionDate "2020.10.23"]
[SourceQuality "1"]

1. d4 Nf6 2. Bf4 g6 3. Nc3 d5 4. e3 Bg7 5. h4 h5 6. Nf3 0-0 7. Be2 c6 8. Ne5 Nbd7 9. Qd2 Nxe5 10. Bxe5 b5 11. Bf3 a5 12. Ne2 b4 13. a3 Bf5 14. 0-0 Qb6 15. axb4 axb4 16. Ng3 Bg4 17. Bxg4 Nxg4 18. Bxg7 Kxg7 19. e4 f5 20. exf5 Rxa1 21. Rxa1 c5 22. fxg6 1-0

[Event "Titled Tuesday intern op 1st Jan"]
[Site "Chess.com INT"]
[Date "2019.01.01"]
[Round "8"]
[White "Oparina, Karina"]
[Black "Pena Gomez, Manuel"]
[Result "0-1"]
[WhiteElo "2057"]
[BlackElo "2494"]
[PlyCount "68"]
[EventDate "2019.01.01"]
[EventType "swiss (blitz)"]
[EventRounds "10"]
[EventCountry "USA"]
[SourceTitle "EXT 2021"]
[Source "ChessBase"]
[SourceDate "2020.10.23"]
[SourceVersion "1"]
[SourceVersionDate "2020.10.23"]
[SourceQuality "1"]

1. Nf3 Nf6 2. g3 g6 3. Bg2 Bg7 4. 0-0 0-0 5. c4 Nc6 6. d4 d6 7. Nc3 a6 8. Qd3 Rb8 9. e4 Bg4 10. Be3 Nd7 11. Rfe1 Bxf3 12. Bxf3 e5 13. d5 Nd4 14. Bg2 f5 15. f4 c5 16. Rad1 Kh8 17. exf5 gxf5 18. b3 Qa5 19. Rd2 e4 20. Bxd4 Bxd4+ 21. Qe3 Bxe3+ 22. Rxe3 Nf6 23. Bh3 Nh5 24. Kf2 b5 25. Bf1 Nf6 26. Be2 bxc4 27. bxc4 Rb4 28. h3 Rfb8 29. g4 fxg4 30. hxg4 Rb2 31. Rxb2 Rxb2 32. Kg3 Rxe2 33. Nxe2 Qd2 34. Kf2 Nxg4+ 0-1

[Event "Titled Tuesday intern op 1st Jan"]
[Site "Chess.com INT"]
[Date "2019.01.01"]
[Round "7"]
[White "Pena Gomez, Manuel"]
[Black "Przybylski, Wojciech"]
[Result "0-1"]
[WhiteElo "2494"]
[BlackElo "2320"]
[PlyCount "64"]
[EventDate "2019.01.01"]
[EventType "swiss (blitz)"]
[EventRounds "10"]
[EventCountry "USA"]
[SourceTitle "EXT 2021"]
[Source "ChessBase"]
[SourceDate "2020.10.23"]
[SourceVersion "1"]
[SourceVersionDate "2020.10.23"]
[SourceQuality "1"]

1. e4 c5 2. Nf3 d6 3. d4 cxd4 4. Nxd4 Nf6 5. Nc3 a6 6. Bg5 e6 7. f4 h6 8. Bh4 Qb6 9. Qd2 Qxb2 10. Rb1 Qa3 11. e5 dxe5 12. fxe5 g5 13. exf6 gxh4 14. Be2 Bc5 15. Ne4 Nd7 16. 0-0 e5 17. Nxc5 Qxc5 18. c3 exd4 19. cxd4 Qg5 20. Qb4 Nxf6 21. Qd6 Qe3+ 22. Kh1 Qe7 23. Bb5+ axb5 24. Rbe1 Be6 25. Qe5 Rg8 26. Rxf6 h3 27. d5 hxg2+ 28. Kg1 Rg5 29. Qe2 Qc5+ 30. Rf2 Qxd5 31. Rd1 Qc5 32. Qd2 Rf5 0-1

[Event "Titled Tuesday intern op 1st Jan"]
[Site "Chess.com INT"]
[Date "2019.01.01"]
[Round "6"]
[White "Villegas, Pierre"]
[Black "Pena Gomez, Manuel"]
[Result "1-0"]
[WhiteElo "2369"]
[BlackElo "2494"]
[PlyCount "67"]
[EventDate "2019.01.01"]
[EventType "swiss (blitz)"]
[EventRounds "10"]
[EventCountry "USA"]
[SourceTitle "EXT 2021"]
[Source "ChessBase"]
[SourceDate "2020.10.23"]
[SourceVersion "1"]
[SourceVersionDate "2020.10.23"]
[SourceQuality "1"]

1. d4 Nf6 2. c4 g6 3. Nc3 Bg7 4. e4 d6 5. Be2 0-0 6. Nf3 e5 7. d5 a5 8. Bg5 Na6 9. Nd2 Nc5 10. 0-0 h6 11. Be3 Bd7 12. b3 Nh7 13. a3 f5 14. f3 f4 15. Bf2 Rf7 16. b4 Na6 17. Rb1 Bf8 18. c5 Rg7 19. Nc4 g5 20. b5 Nxc5 21. Bxc5 dxc5 22. Nxe5 Bd6 23. Nc4 Qe7 24. b6 Rf8 25. bxc7 Bc8 26. Nb5 Be5 27. d6 Qe6 28. Nb6 g4 29. Bc4 Bd4+ 30. Nxd4 Qxc4 31. Nxc4 cxd4 32. Qxd4 g3 33. hxg3 Rxg3 34. d7 1-0

[Event "Andorra op 36th"]
[Site "Escaldes"]
[Date "2018.07.29"]
[Round "9"]
[White "Pena Gomez, Manuel"]
[Black "Tleptsok, Ruslan Aslanovich"]
[Result "1-0"]
[WhiteElo "2475"]
[BlackElo "2126"]
[PlyCount "109"]
[EventDate "2018.07.21"]
[EventType "swiss"]
[EventRounds "9"]
[EventCountry "AND"]
[SourceTitle "CBM 185 Extra"]
[Source "ChessBase"]
[SourceDate "2018.07.29"]
[SourceVersion "1"]
[SourceVersionDate "2018.07.29"]
[SourceQuality "1"]

1. g3 Nf6 2. Bg2 d5 3. Nf3 c6 4. 0-0 g6 5. c4 Bg7 6. Qc2 0-0 7. d3 dxc4 8. Qxc4 Qa5 9. Qh4 Qh5 10. Qxh5 Nxh5 11. Nc3 Na6 12. Rb1 h6 13. Be3 Rd8 14. Rfc1 Be6 15. a4 Nc7 16. a5 Nd5 17. Bd2 f5 18. Na4 a6 19. Bc3 Nhf6 20. Ne5 Kh7 21. Be1 Rab8 22. Nc5 Bc8 23. Nxa6 bxa6 24. Nxc6 Bd7 25. Nxd8 Rxd8 26. e4 Bb5 27. exd5 Bxd3 28. Ra1 Nxd5 29. Rd1 Bc4 30. Rac1 Ba2 31. Bxd5 Bxd5 32. Rc7 Bxb2 33. Rxe7+ Kg8 34. Re3 Kf7 35. Red3 Ke6 36. Bb4 Bf6 37. Bc5 h5 38. h4 f4 39. Kh2 g5 40. Re1+ Kf5 41. hxg5 Bxg5 42. Be7 fxg3+ 43. fxg3 Bxe7 44. Rxe7 Rd6 45. Ree3 Rd7 46. Rd2 Kf6 47. Rf2+ Kg6 48. Rd3 Be6 49. Rxd7 Bxd7 50. Rd2 Bb5 51. Rd6+ Kg7 52. Kh3 Be2 53. Kh4 Kf7 54. Rh6 Kg7 55. Rxh5 1-0

[Event "Andorra op 36th"]
[Site "Escaldes"]
[Date "2018.07.26"]
[Round "6"]
[White "Lagarde, Maxime"]
[Black "Pena Gomez, Manuel"]
[Result "1/2-1/2"]
[WhiteElo "2615"]
[BlackElo "2475"]
[PlyCount "80"]
[EventDate "2018.07.21"]
[EventType "swiss"]
[EventRounds "9"]
[EventCountry "AND"]
[SourceTitle "CBM 185 Extra"]
[Source "ChessBase"]
[SourceDate "2018.07.29"]
[SourceVersion "1"]
[SourceVersionDate "2018.07.29"]
[SourceQuality "1"]

1. d4 Nf6 2. c4 e6 3. Nc3 d5 4. Nf3 Be7 5. Bf4 0-0 6. e3 b6 7. Bd3 Bb7 8. 0-0 c5 9. dxc5 bxc5 10. Rc1 Nc6 11. cxd5 exd5 12. Qe2 Nb4 13. Bb5 a6 14. Ba4 Qa5 15. Bb3 c4 16. Bc2 Ne4 17. Nd4 Bf6 18. Bb1 Rac8 19. a3 Nxc3 20. Bxh7+ Kxh7 21. Qh5+ Kg8 22. axb4 Ne2+ 23. Qxe2 Qxb4 24. Qg4 Bxd4 25. exd4 Rc6 26. h4 Bc8 27. Qf3 Rf6 28. h5 Re8 29. Qg3 Re4 30. Be5 Rg4 31. Qc3 Qxc3 32. Rxc3 Rb6 33. f3 Rh4 34. Re3 Rxh5 35. Bc7 Re6 36. Rxe6 Bxe6 37. Ra1 Bc8 38. Re1 Bd7 39. Re5 Rxe5 40. Bxe5 f6 1/2-1/2

[Event "Andorra op 36th"]
[Site "Escaldes"]
[Date "2018.07.22"]
[Round "2"]
[White "De Seroux, Camille"]
[Black "Pena Gomez, Manuel"]
[Result "1/2-1/2"]
[WhiteElo "2146"]
[BlackElo "2475"]
[PlyCount "134"]
[EventDate "2018.07.21"]
[EventType "swiss"]
[EventRounds "9"]
[EventCountry "AND"]
[SourceTitle "CBM 185 Extra"]
[Source "ChessBase"]
[SourceDate "2018.07.29"]
[SourceVersion "1"]
[SourceVersionDate "2018.07.29"]
[SourceQuality "1"]

1. e4 c5 2. Nf3 d6 3. d4 Nf6 4. Nc3 cxd4 5. Qxd4 Nc6 6. Bb5 Bd7 7. Bxc6 Bxc6 8. Bg5 e6 9. Qd3 Be7 10. Nd4 0-0 11. 0-0-0 Qa5 12. f4 Rfc8 13. f5 Rab8 14. h4 h6 15. Kb1 Qe5 16. Nf3 Qg3 17. Rh3 Qxg2 18. Rh2 Qg4 19. Rg1 Qh5 20. Bxf6 Bxf6 21. Ne2 exf5 22. Nf4 fxe4 23. Qxd6 Qxf3 24. Qxf6 Qd1+ 25. Rxd1 gxf6 26. Nh5 Rd8 27. Nxf6+ Kh8 28. Re1 Rd6 29. Ng4 Re8 30. Rf2 Rg6 31. Ne3 Re7 32. b3 Rd7 33. Ref1 Kg7 34. Nf5+ Kf8 35. h5 Rg5 36. Nxh6 e3 37. Re2 Bg2 38. Rf4 Rxh5 39. Nxf7 Rh1+ 40. Kb2 Rf1 41. Ne5+ Rxf4 42. Nxd7+ Ke7 43. Nc5 Rf2 44. Rxe3+ Kd6 45. b4 b6 46. Ne4+ Bxe4 47. Rxe4 a5 48. bxa5 bxa5 49. Kb3 Kc5 50. Re5+ Kb6 51. a4 Rf6 52. Rh5 Rg6 53. c3 Rf6 54. Rb5+ Ka6 55. Rd5 Kb6 56. Kc4 Rf4+ 57. Rd4 Rf6 58. Kd5 Rf5+ 59. Ke6 Rh5 60. Re4 Kc5 61. Rf4 Rh6+ 62. Ke5 Rh3 63. Rf8 Kc4 64. Rc8+ Kb3 65. c4 Kxa4 66. Rb8 Rb3 67. Rxb3 Kxb3 1/2-1/2

[Event "Barcelona Sant Marti op-A 20th"]
[Site "Barcelona"]
[Date "2018.07.20"]
[Round "8"]
[White "Pena Gomez, Manuel"]
[Black "Martinez Alcantara, Jose Eduardo"]
[Result "1/2-1/2"]
[WhiteElo "2475"]
[BlackElo "2545"]
[PlyCount "83"]
[EventDate "2018.07.13"]
[EventType "swiss"]
[EventRounds "9"]
[EventCountry "ESP"]
[SourceTitle "CBM 185 Extra"]
[Source "ChessBase"]
[SourceDate "2018.07.29"]
[SourceVersion "1"]
[SourceVersionDate "2018.07.29"]
[SourceQuality "1"]

1. g3 c5 2. Bg2 Nc6 3. c4 g6 4. Nc3 Bg7 5. e4 a6 6. Nge2 b5 7. d3 Rb8 8. 0-0 bxc4 9. dxc4 d6 10. b3 Nf6 11. h3 0-0 12. Be3 e5 13. f4 Nd4 14. f5 gxf5 15. Bg5 h6 16. Bh4 Be6 17. Nd5 Bxd5 18. exd5 Qe8 19. Kh1 Nd7 20. Nxd4 cxd4 21. Qh5 f4 22. Qf5 Nc5 23. gxf4 Qc8 24. fxe5 Qxf5 25. Rxf5 dxe5 26. Be7 Rfc8 27. Rg1 e4 28. d6 d3 29. b4 Ne6 30. Bxe4 Rxc4 31. Bxd3 Rd4 32. Bxa6 Rbxb4 33. Rf2 Rb8 34. Rc2 Kh7 35. Bc4 Ng5 36. Rg3 Ne4 37. Bd3 f5 38. Bxe4 fxe4 39. Rcg2 Be5 40. Rb3 Rxb3 41. axb3 Bxd6 42. Bxd6 1/2-1/2

[Event "Barcelona Sant Marti op-A 20th"]
[Site "Barcelona"]
[Date "2018.07.13"]
[Round "1"]
[White "Pena Gomez, Manuel"]
[Black "Anustoop, Biswas"]
[Result "1/2-1/2"]
[WhiteElo "2475"]
[BlackElo "2052"]
[PlyCount "90"]
[EventDate "2018.07.13"]
[EventType "swiss"]
[EventRounds "9"]
[EventCountry "ESP"]
[SourceTitle "CBM 185 Extra"]
[Source "ChessBase"]
[SourceDate "2018.07.29"]
[SourceVersion "1"]
[SourceVersionDate "2018.07.29"]
[SourceQuality "1"]

1. g3 d5 2. Bg2 Nf6 3. c4 c6 4. Nf3 dxc4 5. 0-0 Nbd7 6. a4 a5 7. b3 cxb3 8. Qxb3 e6 9. d4 Be7 10. Nbd2 0-0 11. Nc4 Nd5 12. Bd2 b6 13. Rfc1 Nb8 14. Nfe5 Ba6 15. Rab1 Bb4 16. Bxb4 Nxb4 17. Nd3 Qxd4 18. Nxb4 axb4 19. Qxb4 b5 20. e3 Qa7 21. axb5 Bxb5 22. Nd6 Bd3 23. Rb3 Bg6 24. h4 h6 25. Bf3 Qa5 26. Kg2 Nd7 27. Bxc6 Qxb4 28. Rxb4 Ra6 29. Rd4 Ne5 30. Bb7 Ra2 31. Nc8 Kh7 32. Ne7 Bh5 33. Rc5 f6 34. Be4+ Kh8 35. Rd6 Bf7 36. Rc2 Rxc2 37. Bxc2 Re8 38. Nc6 Nxc6 39. Rxc6 e5 40. Rc5 Rd8 41. Be4 Kg8 42. g4 Be6 43. g5 hxg5 44. hxg5 Kf7 45. Kg3 Rd1 1/2-1/2

[Event "Hanoi HD Bank op-A 8th"]
[Site "Hanoi"]
[Date "2018.03.15"]
[Round "9"]
[White "Kathmale, Sameer"]
[Black "Pena Gomez, Manuel"]
[Result "0-1"]
[WhiteElo "2320"]
[BlackElo "2478"]
[PlyCount "69"]
[EventDate "2018.03.10"]
[EventType "swiss"]
[EventRounds "9"]
[EventCountry "VIE"]
[SourceTitle "CBM 183 Extra"]
[Source "ChessBase"]
[SourceDate "2018.04.19"]
[SourceVersion "1"]
[SourceVersionDate "2018.04.19"]
[SourceQuality "1"]

1. e4 c5 2. Nf3 d6 3. d4 cxd4 4. Nxd4 Nf6 5. Nc3 a6 6. h3 e5 7. Nde2 h5 8. Bg5 Be7 9. g3 Nbd7 10. Bg2 b5 11. a3 Bb7 12. Qd2 Rc8 13. 0-0 Nb6 14. b3 Qc7 15. Rad1 Nbd7 16. Rc1 Qc5 17. a4 b4 18. Nd5 Nxd5 19. exd5 Bxg5 20. Qxg5 0-0 21. c4 bxc3 22. Qe7 Rfd8 23. Rxc3 Qb4 24. Rc4 Qxb3 25. Qh4 Nf6 26. Rb4 Qc2 27. Rxb7 Qxe2 28. Qb4 Qd3 29. Rb6 e4 30. Qa5 Nxd5 31. Rxa6 Nc3 32. Rc6 Ne2+ 33. Kh2 d5 34. Rc5 h4 35. gxh4 0-1

[Event "Hanoi HD Bank op-A 8th"]
[Site "Hanoi"]
[Date "2018.03.13"]
[Round "6"]
[White "Pena Gomez, Manuel"]
[Black "Chen, Qi B"]
[Result "0-1"]
[WhiteElo "2478"]
[BlackElo "2359"]
[PlyCount "96"]
[EventDate "2018.03.10"]
[EventType "swiss"]
[EventRounds "9"]
[EventCountry "VIE"]
[SourceTitle "CBM 183 Extra"]
[Source "ChessBase"]
[SourceDate "2018.04.19"]
[SourceVersion "1"]
[SourceVersionDate "2018.04.19"]
[SourceQuality "1"]

1. e4 e5 2. Nf3 Nc6 3. Bb5 Nf6 4. d3 Bc5 5. c3 0-0 6. 0-0 d6 7. Nbd2 a6 8. Ba4 b5 9. Bb3 h6 10. Re1 Re8 11. Nf1 d5 12. exd5 Nxd5 13. d4 Bf8 14. dxe5 Nb6 15. Qxd8 Nxd8 16. Bc2 Bb7 17. Be4 Bxe4 18. Rxe4 Nc6 19. h4 Nc4 20. b3 N4xe5 21. Nxe5 Nxe5 22. Bf4 Ng4 23. Rxe8 Rxe8 24. Ne3 Nxe3 25. Bxe3 Bd6 26. a4 Re4 27. axb5 axb5 28. Ra8+ Kh7 29. Rb8 b4 30. c4 f5 31. Rb5 f4 32. Bd2 c5 33. Kf1 Rd4 34. Ke2 Re4+ 35. Kd1 f3 36. gxf3 Rxh4 37. Ke2 Rh1 38. Rb6 Bf8 39. Rb8 Be7 40. Rb7 Bf8 41. Rf7 Kg8 42. Rd7 h5 43. Bg5 h4 44. f4 h3 45. Rd3 h2 46. Rh3 Bd6 47. Kf3 Rg1 48. Rxh2 Rxg5 0-1

[Event "Marianske Lazne IM-B1 17th"]
[Site "Marianske Lazne"]
[Date "2018.01.23"]
[Round "5"]
[White "Plischki, Sebastian"]
[Black "Pena Gomez, Manuel"]
[Result "1/2-1/2"]
[WhiteElo "2395"]
[BlackElo "2491"]
[PlyCount "28"]
[EventDate "2018.01.20"]
[EventType "tourn"]
[EventRounds "9"]
[EventCountry "CZE"]
[EventCategory "1"]
[SourceTitle "CBM 182 Extra"]
[Source "ChessBase"]
[SourceDate "2018.02.23"]
[SourceVersion "1"]
[SourceVersionDate "2018.02.23"]
[SourceQuality "1"]

1. d4 Nf6 2. Nf3 g6 3. c4 Bg7 4. g3 0-0 5. Bg2 d6 6. 0-0 Nbd7 7. Nc3 e5 8. e4 exd4 9. Nxd4 Re8 10. h3 Nc5 11. Re1 Bd7 12. Nb3 Na4 13. Nxa4 Bxa4 14. Bd2 Nd7 1/2-1/2

[Event "Prague op 17th"]
[Site "Prague"]
[Date "2018.01.13"]
[Round "3"]
[White "Solozhenkina, Elizaveta"]
[Black "Pena Gomez, Manuel"]
[Result "0-1"]
[WhiteElo "2190"]
[BlackElo "2491"]
[PlyCount "66"]
[EventDate "2018.01.12"]
[EventType "swiss"]
[EventRounds "9"]
[EventCountry "CZE"]
[SourceTitle "CBM 182 Extra"]
[Source "ChessBase"]
[SourceDate "2018.02.23"]
[SourceVersion "1"]
[SourceVersionDate "2018.02.23"]
[SourceQuality "1"]

1. e4 c5 2. Nf3 e6 3. d4 cxd4 4. Nxd4 Nc6 5. Nc3 Qc7 6. Be3 a6 7. Qf3 Ne5 8. Qg3 b5 9. 0-0-0 Nf6 10. f3 b4 11. Nb1 Bb7 12. Nd2 Rc8 13. Kb1 d5 14. Bd3 dxe4 15. fxe4 Be7 16. Rhf1 Nxd3 17. Qxc7 Rxc7 18. cxd3 0-0 19. N2f3 Rd8 20. Rfe1 Rcd7 21. Kc2 Nxe4 22. dxe4 Bxe4+ 23. Kb3 Bxf3 24. gxf3 Bf6 25. Kxb4 e5 26. Rd3 exd4 27. Bf2 Rb7+ 28. Ka3 Be7+ 29. Ka4 Rxb2 30. Rxd4 Rxa2+ 31. Kb3 Ra3+ 32. Kc2 Rc8+ 33. Kb1 Bf6 0-1